00295nam a22000977a 4500082001900000100001300019245010600032300001400138526003700152650000800189 a624.15bMOScD aU.S Army aUser's guide: computer program for bearing capacity analyses of shallow foundations (CBEAR)cU.S Army billc20cm a0b0c0d624_150000000000000_MOS aMCE